000 00173 a2200097 4500
020 _a0375812172
041 _aspa
100 _aKulling,Monica
245 _aHorses
942 _cBK
999 _c3424
_d3424